Statystyki dla Państwa w strefie Schengen

Kliknij tutaj aby rozwiązać quiz!

Ogólne statystyki

  • Ten quiz został rozwiązany 626 razy
  • Średni wynik to 25 z 29

Statystyki odpowiedzi

Państwo% Poprawnych
Polska
97%
Francja
96%
Hiszpania
95%
Niemcy
95%
Litwa
94%
Łotwa
94%
Portugalia
94%
Belgia
93%
Estonia
93%
Czechy
92%
Słowacja
92%
Szwecja
92%
Finlandia
91%
Słowenia
91%
Holandia
90%
Norwegia
90%
Włochy
89%
Austria
88%
Dania
88%
Węgry
87%
Luksemburg
85%
Grecja
83%
Szwajcaria
83%
Islandia
76%
Liechtenstein
76%
Malta
75%
San Marino
63%
Watykan
61%
Monako
54%

Rozkład punktacji

Percentyl według liczby udzielonych odpowiedzi

Procent ludzi z każdym wynikiem

Twoja historia wyników

Nie rozwiązałeś tego quizu